LDR 01049naa#a2200169#i#450# 001 RU\\bibl\101649 005 20260602095919.2 011 ## _a1729-9187 100 ## _a20260330b2026####ek#y0rusy0150####ca 102 ## _aRU 200 1# _aИсторико-правовые аспекты формирования уголовной ответственности за розничную продажу несовершеннолетним алкогольной продукции в дореволюционной России _eЖурнальная статья 210 1# _aУфа _cУфимский юридический институт МВД России _d2026 215 ## _a11 с. 608 ## _aЖурнальная статья _2local 675 ## _aЗапрещенное обращение (изготовление, продажа, распространение) алкогольных напитков и вино-водочных изделий. 343.573 _z 700 #1 _aБадретдинов _gАйнур Ильдарович 856 4# _aobshtestvo-uyi.editorum.ru _u